000 01311nam a22002057a 4500
999 _c27733
_d27733
003 BDDh-ASL
005 20231015030806.0
008 201025s1997 b ||||| |||| 00| 0 b d
040 _aBDDh-ASL
_cBDDh-ASL
041 _aben
082 _a923.2
_bMAD
245 1 0 _aমধু দা:
_bশহীদ মধুসূদন দে স্মারক গ্রন্থ /
_cজিল্লুর রহমান সিদ্দিকী ও অন্যান্য (সম্পা.)।
246 _aMadu da
260 _aঢাকা :
_bমধু দা স্মৃতি সংসদ প্রকাশনা,
_c১৯৯৭।
300 _a৪৩৭ পৃষ্ঠা, :
_c২২ সে.মি.
600 1 0 _95908
_aদে, মধুসূদন
650 0 _aCommemoration Volume (স্মারকগ্রন্থ), Memoirs, স্মারকগ্রন্থ, Smārakagrantha, Souvenir, স্মরণিক, স্মারকগ্রন্থ, স্মৃতিকথা, Smr̥tikathā, Memoirs, Reminiscences, স্মরণিকা, Smaraṇikā, Souvenir, স্যুভেনির, অভিজ্ঞান, Syubhēnira, so͞ovəˈnir, memorial, souvenir, remembrancer
_94668
700 1 _95909
_aসিদ্দিকী, জিল্লুর রহমান
942 _2ddc
_cBK